[Event "Budapest-chT1 Lilienthal 1718"]
[Site "Budapest"]
[Date "2018.02.04"]
[Round "8"]
[White "Czegledi, Barna Jr"]
[Black "Kiss, Peter2222"]
[Result "1-0"]
[WhiteElo "2157"]
[BlackElo "2178"]
[PlyCount "57"]
[EventDate "2017.10.01"]
[EventType "team-tourn"]
[EventRounds "13"]
[EventCountry "HUN"]
[SourceTitle "EXT 2021"]
[Source "ChessBase"]
[SourceDate "2020.10.23"]
[SourceVersion "1"]
[SourceVersionDate "2020.10.23"]
[SourceQuality "1"]
[WhiteTeam "Budapest Vasas II"]
[BlackTeam "Aquarena III"]
[WhiteTeamCountry "HUN"]
[BlackTeamCountry "HUN"]

1. d4 e6 2. c4 b6 3. a3 Bb7 4. Nc3 f5 5. d5 Nf6 6. g3 Be7 7. Bg2 0-0 8. Nf3 Ne4 9. Nxe4 fxe4 10. Ne5 exd5 11. cxd5 Bc5 12. 0-0 Qf6 13. Ng4 Qf5 14. Ne3 Bxe3 15. Bxe3 Bxd5 16. Qc2 c5 17. Rad1 Bb7 18. f3 Nc6 19. fxe4 Qe6 20. Bf4 Nd4 21. Qd3 a5 22. Rf2 Ba6 23. Qd2 Qg4 24. e3 Ne6 25. Qxd7 Rad8 26. Bf3 Qh3 27. Qa7 Rxd1+ 28. Bxd1 Bc4 29. Bf3 1-0

[Event "HUN-chT2 Maroczy 1718"]
[Site "Hungary"]
[Date "2018.01.28"]
[Round "5.9"]
[White "Pribelszky, Bence"]
[Black "Czegledi, Barna Jr"]
[Result "0-1"]
[WhiteElo "2189"]
[BlackElo "2136"]
[PlyCount "152"]
[EventDate "2017.10.29"]
[EventType "team-tourn"]
[EventRounds "9"]
[EventCountry "HUN"]
[SourceTitle "EXT 2021"]
[Source "ChessBase"]
[SourceDate "2020.10.23"]
[SourceVersion "1"]
[SourceVersionDate "2020.10.23"]
[SourceQuality "1"]
[WhiteTeam "Miskolc KisBocsok"]
[BlackTeam "Budapest Vasas"]
[WhiteTeamCountry "HUN"]
[BlackTeamCountry "HUN"]

1. e4 c5 2. Nf3 Nc6 3. d4 cxd4 4. Nxd4 Nf6 5. Nc3 d6 6. Bc4 e6 7. 0-0 Be7 8. Bb3 Qc7 9. Be3 Bd7 10. f4 Rc8 11. f5 Nxd4 12. Bxd4 e5 13. Bf2 Bc6 14. Qd3 0-0 15. Bh4 Ne8 16. f6 Bxf6 17. Bg3 Qe7 18. Rf5 Nc7 19. Raf1 Ne6 20. Qd2 Bg5 21. Qf2 g6 22. Rf3 b6 23. Bd5 Bd7 24. Bb3 Bc6 25. Bd5 Qd7 26. Bxc6 Rxc6 27. Nd5 Rc4 28. Bh4 Bxh4 29. Qxh4 f5 30. Nf6+ Rxf6 31. Qxf6 Rxe4 32. Rc3 Rd4 33. Rd3 Qf7 34. Qxf7+ Kxf7 35. Ra3 a5 36. Rb3 Rb4 37. Rxb4 axb4 38. Kf2 Nc5 39. Ke2 Ke6 40. Rf3 d5 41. a3 b3 42. cxb3 d4 43. b4 Na4 44. Rb3 b5 45. Rh3 Nxb2 46. Rxh7 e4 47. Rh8 Kd5 48. Rd8+ Kc4 49. Rc8+ Kb3 50. Rd8 Kc3 51. a4 d3+ 52. Ke1 e3 53. a5 Nc4 54. a6 e2 55. a7 Ne3 56. Rc8+ Kb2 57. a8Q Nc2+ 58. Rxc2+ dxc2 59. Qh8+ Kb1 60. Kxe2 c1Q 61. Qd4 Qb2+ 62. Qxb2+ Kxb2 63. Ke3 Kc3 64. Kf4 Kxb4 65. Kg5 Kc5 66. Kxg6 b4 67. Kxf5 b3 68. g4 b2 69. h4 b1Q+ 70. Kf6 Qf1+ 71. Kg6 Qf4 72. Kh5 Kd6 73. g5 Ke7 74. g6 Kf6 75. g7 Qf5+ 76. Kh6 Qg6# 0-1

[Event "Budapest FS02 FM-A"]
[Site "Budapest"]
[Date "2015.02.12"]
[Round "5"]
[White "Czegledi, Barna Jr"]
[Black "Marjanovics, Gyorgy"]
[Result "1-0"]
[WhiteElo "2099"]
[BlackElo "2003"]
[PlyCount "77"]
[EventDate "2015.02.07"]
[EventType "tourn"]
[EventRounds "10"]
[EventCountry "HUN"]
[SourceTitle "CBM 164 Extra"]
[Source "ChessBase"]
[SourceDate "2015.03.02"]
[SourceVersion "1"]
[SourceVersionDate "2015.03.02"]
[SourceQuality "1"]

1. d4 d5 2. c4 e6 3. Nc3 c6 4. Nf3 Nf6 5. cxd5 exd5 6. Qc2 g6 7. Bg5 Be7 8. e3 Bf5 9. Bd3 Bxd3 10. Qxd3 Ne4 11. Nxe4 dxe4 12. Qxe4 Nd7 13. Bxe7 Qxe7 14. Qxe7+ Kxe7 15. g4 Rad8 16. Ke2 Nf6 17. Ne5 Nd7 18. Nc4 Nf6 19. h3 Rd5 20. b4 b6 21. Rad1 Ne4 22. Kf3 Nc3 23. Rc1 Nxa2 24. Ra1 Nxb4 25. Rxa7+ Ke6 26. Nxb6 Rb5 27. Nd7 h5 28. Nc5+ Kf6 29. g5+ Kxg5 30. Rxf7 Nd5 31. Ne6+ Kh6 32. Rg1 Rg8 33. h4 Rbb8 34. Ra1 Ra8 35. Rxa8 Rxa8 36. Ng5 Rh8 37. Ra7 Rf8+ 38. Kg2 Nf6 39. e4 1-0

[Event "Budapest FS02 FM-A"]
[Site "Budapest"]
[Date "2015.02.07"]
[Round "1"]
[White "Juracsik, Jozsef"]
[Black "Czegledi, Barna Jr"]
[Result "0-1"]
[WhiteElo "2137"]
[BlackElo "2099"]
[PlyCount "120"]
[EventDate "2015.02.07"]
[EventType "tourn"]
[EventRounds "10"]
[EventCountry "HUN"]
[SourceTitle "CBM 164 Extra"]
[Source "ChessBase"]
[SourceDate "2015.03.02"]
[SourceVersion "1"]
[SourceVersionDate "2015.03.02"]
[SourceQuality "1"]

1. f4 d5 2. b3 c5 3. e3 e6 4. Nf3 a6 5. Bb2 Nc6 6. Bd3 f6 7. Nh4 g6 8. 0-0 Bg7 9. g4 Nge7 10. g5 d4 11. Nf3 f5 12. a4 e5 13. fxe5 Nxe5 14. Nxe5 Bxe5 15. Na3 Nc6 16. exd4 Bxd4+ 17. Bxd4 Qxd4+ 18. Rf2 Ne5 19. Be2 0-0 20. c3 Qh4 21. d4 Qxg5+ 22. Kh1 Qe3 23. Qe1 cxd4 24. cxd4 Qxd4 25. Nc4 Be6 26. Nxe5 Qxe5 27. Bf3 Qxe1+ 28. Rxe1 Bxb3 29. Rb2 Bf7 30. Rxb7 Rab8 31. Ra7 Rfe8 32. Rxe8+ Rxe8 33. Rxa6 Re3 34. Kg2 Kg7 35. a5 g5 36. Rb6 g4 37. Bc6 Rc3 38. Kf2 Rc5 39. a6 Bd5 40. Bxd5 Rxd5 41. a7 Ra5 42. Rb7+ Kg6 43. Kg3 Ra3+ 44. Kf4 Ra4+ 45. Kg3 h6 46. Rc7 Kg5 47. Rg7+ Kf6 48. Rb7 Ra3+ 49. Kf2 f4 50. Rh7 Ra2+ 51. Kg1 Kg6 52. Rb7 h5 53. Kf1 Kg5 54. Kg1 Kh4 55. Rh7 g3 56. hxg3+ fxg3 57. Kf1 Kg4 58. Kg1 h4 59. Kf1 Kh3 60. Rg7 Kh2 0-1

[Event "HUN-chT2 Maroczy 1314"]
[Site "Hungary"]
[Date "2014.03.23"]
[Round "9"]
[White "Toth, Tamas3333"]
[Black "Czegledi, Barna Jr"]
[Result "1-0"]
[WhiteElo "1879"]
[BlackElo "1979"]
[PlyCount "47"]
[EventDate "2013.09.08"]
[EventType "team-tourn"]
[EventRounds "11"]
[EventCountry "HUN"]
[SourceTitle "EXT 2016"]
[Source "ChessBase"]
[SourceDate "2015.10.08"]
[SourceVersion "1"]
[SourceVersionDate "2015.10.08"]
[SourceQuality "1"]
[WhiteTeam "Hajduboszormeny"]
[BlackTeam "Budapest Vasas"]
[WhiteTeamCountry "HUN"]
[BlackTeamCountry "HUN"]

1. e4 e6 2. d4 d5 3. Nd2 dxe4 4. Nxe4 Nd7 5. Nf3 Ngf6 6. Bd3 Nxe4 7. Bxe4 Nf6 8. Bd3 c5 9. 0-0 Qc7 10. c3 Be7 11. Ne5 Nd7 12. Bf4 Bd6 13. Qe2 Nxe5 14. dxe5 Be7 15. Bb5+ Bd7 16. Rad1 Bc6 17. Bxc6+ Qxc6 18. Qg4 Kf8 19. Bg5 Qc7 20. Bxe7+ Qxe7 21. Qa4 b6 22. Rd7 Qe8 23. Rfd1 g6 24. Qh4 1-0

[Event "Budapest-chT1 Lilienthal 1314"]
[Site "Budapest"]
[Date "2014.01.19"]
[Round "6"]
[White "Kiss, Jozsef1111"]
[Black "Czegledi, Barna Jr"]
[Result "0-1"]
[WhiteElo "1910"]
[BlackElo "1973"]
[PlyCount "104"]
[EventDate "2013.09.29"]
[EventType "team-tourn"]
[EventRounds "11"]
[EventCountry "HUN"]
[SourceTitle "EXT 2021"]
[Source "ChessBase"]
[SourceDate "2020.10.23"]
[SourceVersion "1"]
[SourceVersionDate "2020.10.23"]
[SourceQuality "1"]
[WhiteTeam "Penzugyor III"]
[BlackTeam "Budapest Vasas II"]
[WhiteTeamCountry "HUN"]
[BlackTeamCountry "HUN"]

1. e4 c5 2. f4 d5 3. e5 Nc6 4. c3 g6 5. Nf3 Bg4 6. Bb5 Qc7 7. 0-0 a6 8. Ba4 b5 9. Bc2 e6 10. a4 b4 11. Qe1 Bxf3 12. Rxf3 h5 13. d3 Nge7 14. Rh3 Rg8 15. Nd2 Nf5 16. Nf3 Be7 17. d4 c4 18. Bxf5 exf5 19. Nh4 Bxh4 20. Qxh4 Qe7 21. Qg3 Kd7 22. Qf3 Qe6 23. Bd2 bxc3 24. Bxc3 Rab8 25. Ra3 Rb7 26. Qd1 Rgb8 27. Rg3 Rb3 28. Rxb3 Rxb3 29. h3 Nb4 30. Kh2 Qb6 31. a5 Qxa5 32. e6+ Kxe6 33. Qe1+ Kd7 34. Re3 Qb6 35. Re7+ Kc6 36. Rxf7 Kb5 37. Qe8+ Ka5 38. Qe7 Ka4 39. Rf6 Qb8 40. Qd7+ Qb5 41. Qa7 a5 42. Rxg6 Na2 43. Bxa5 Qxa5 44. Ra6 Rb5 45. Rxa5+ Rxa5 46. Qd7+ Kb3 47. Qb7+ Nb4 48. g4 Ra2 49. gxf5 c3 50. Kg3 cxb2 51. f6 b1Q 52. f7 Qe1+ 0-1

[Event "Budapest Karacsonyi op 5th"]
[Site "Budapest"]
[Date "2013.12.28"]
[Round "3"]
[White "Cserba, Andras"]
[Black "Czegledi, Barna Jr"]
[Result "1/2-1/2"]
[WhiteElo "2131"]
[BlackElo "2024"]
[PlyCount "110"]
[EventDate "2013.12.27"]
[EventType "swiss"]
[EventRounds "7"]
[EventCountry "HUN"]
[SourceTitle "CBM 158 Extra"]
[Source "ChessBase"]
[SourceDate "2014.02.28"]
[SourceVersion "1"]
[SourceVersionDate "2014.02.28"]
[SourceQuality "1"]

1. c4 c6 2. Nc3 d5 3. cxd5 cxd5 4. d4 Nf6 5. g3 g6 6. Bg2 Bg7 7. Qb3 e6 8. Bf4 0-0 9. Nf3 Nc6 10. 0-0 Ne4 11. Rfd1 Nxc3 12. bxc3 Na5 13. Qb4 b6 14. Nd2 Ba6 15. e4 Rc8 16. exd5 exd5 17. Re1 Bb7 18. Bd6 Re8 19. Bh3 Rc6 20. Bf4 Bc8 21. Bf1 Rxe1 22. Rxe1 Be6 23. h4 Bf8 24. Qb2 Qc8 25. Re3 a6 26. a4 h6 27. f3 Qd8 28. Re1 Qc8 29. Rc1 Bg7 30. Be3 Qc7 31. Kg2 Qc8 32. Kh2 h5 33. Bd3 Bf5 34. Qc2 Bxd3 35. Qxd3 Nc4 36. Bf2 Nxd2 37. Qxd2 Rc4 38. Qb2 Qc6 39. Rb1 Rxc3 40. Qxb6 Qxb6 41. Rxb6 Rxf3 42. Rb8+ Kh7 43. Kg2 Ra3 44. Rd8 Rxa4 45. Rxd5 Bf6 46. Kf3 a5 47. g4 hxg4+ 48. Kxg4 Ra2 49. Kf3 a4 50. Ra5 a3 51. h5 gxh5 52. Rxh5+ Kg6 53. Ra5 Rxf2+ 54. Kxf2 Bxd4+ 55. Kf3 Bb2 1/2-1/2

[Event "Budapest Karacsonyi op 5th"]
[Site "Budapest"]
[Date "2013.12.27"]
[Round "1"]
[White "Romhanyi, Mihaly"]
[Black "Czegledi, Barna Jr"]
[Result "0-1"]
[WhiteElo "1489"]
[BlackElo "2024"]
[PlyCount "80"]
[EventDate "2013.12.27"]
[EventType "swiss"]
[EventRounds "7"]
[EventCountry "HUN"]
[SourceTitle "CBM 158 Extra"]
[Source "ChessBase"]
[SourceDate "2014.02.28"]
[SourceVersion "1"]
[SourceVersionDate "2014.02.28"]
[SourceQuality "1"]

1. e4 c5 2. b3 Nc6 3. Bb2 e6 4. f4 d5 5. Bd3 Nf6 6. e5 Nd7 7. Nf3 Be7 8. Nc3 a6 9. Qe2 b5 10. a3 c4 11. bxc4 bxc4 12. Bxc4 dxc4 13. Ne4 Nc5 14. Qxc4 Qb6 15. Bc3 Nxe4 16. Qxe4 Bb7 17. Qa4 0-0 18. d4 Qb5 19. Qxb5 axb5 20. Bb2 b4 21. a4 Na5 22. 0-0 Nc4 23. Ra2 Nxb2 24. Rxb2 Bxf3 25. Rxf3 Rxa4 26. Rfb3 Ra3 27. g4 Rxb3 28. cxb3 Rd8 29. Rd2 Rxd4 30. Rxd4 Bc5 31. Kg2 Bxd4 32. Kf3 f6 33. Ke4 fxe5 34. fxe5 Bc3 35. g5 h6 36. g6 Kf8 37. h4 h5 38. Kf4 Ke7 39. Kg5 Bxe5 40. Kxh5 Kf6 0-1

[Event "HUN-chT2 Maroczy 1213"]
[Site "Hungary"]
[Date "2013.04.07"]
[Round "10"]
[White "Rescsik, Dora"]
[Black "Czegledi, Barna Jr"]
[Result "0-1"]
[WhiteElo "1240"]
[BlackElo "1849"]
[PlyCount "52"]
[EventDate "2012.09.16"]
[EventType "team-tourn"]
[EventRounds "11"]
[EventCountry "HUN"]
[SourceTitle "EXT 2014"]
[Source "ChessBase"]
[SourceDate "2013.11.20"]
[SourceVersion "1"]
[SourceVersionDate "2013.11.20"]
[SourceQuality "1"]
[WhiteTeam "Roeszke"]
[BlackTeam "Vasas"]
[WhiteTeamCountry "HUN"]
[BlackTeamCountry "HUN"]

1. Nf3 Nf6 2. g3 d5 3. Bg2 c6 4. d3 Bg4 5. Nbd2 Nbd7 6. e4 e5 7. 0-0 Bd6 8. c4 dxe4 9. Nxe4 Nxe4 10. dxe4 Qc7 11. b3 0-0 12. Bb2 a5 13. a4 Nc5 14. Re1 f5 15. exf5 e4 16. Kh1 Nd3 17. Qe2 Rae8 18. Qd2 Nxb2 19. Qxb2 exf3 20. Bf1 Be5 21. Qb1 Bxf5 22. Qc1 Bxa1 23. Qxa1 Rxe1 24. Qxe1 Qd7 25. Kg1 Re8 26. Qc3 Qd1 0-1

[Event "Budapest-chT1 Lilienthal 1213"]
[Site "Budapest"]
[Date "2013.02.24"]
[Round "8"]
[White "Nagy, Laszlo"]
[Black "Czegledi, Barna Jr"]
[Result "1/2-1/2"]
[WhiteElo "1968"]
[BlackElo "1849"]
[PlyCount "75"]
[EventDate "2012.09.30"]
[EventType "team-tourn"]
[EventRounds "11"]
[EventCountry "HUN"]
[SourceTitle "EXT 2019"]
[Source "ChessBase"]
[SourceDate "2018.10.10"]
[SourceVersion "1"]
[SourceVersionDate "2018.10.10"]
[SourceQuality "1"]
[WhiteTeam "Fabulon"]
[BlackTeam "Budapest Vasas II"]
[WhiteTeamCountry "HUN"]
[BlackTeamCountry "HUN"]

1. c4 c6 2. d4 d5 3. e3 e6 4. Nc3 f5 5. Nf3 Nf6 6. Bd3 Bd6 7. 0-0 0-0 8. b3 Ne4 9. Bb2 Bd7 10. Ne5 Be8 11. f3 Nxc3 12. Bxc3 Nd7 13. Qc2 Qc7 14. f4 Nf6 15. Kh1 Kh8 16. Rf3 Ne4 17. Bb2 Rc8 18. c5 Bxe5 19. dxe5 b6 20. b4 a5 21. a3 axb4 22. axb4 b5 23. Rh3 Bg6 24. Rg1 Ra8 25. Bxe4 fxe4 26. g4 Kg8 27. Rhg3 Qd7 28. h4 Ra7 29. h5 Be8 30. Qg2 Ra2 31. f5 Qc8 32. h6 g6 33. f6 Bf7 34. Qc2 Qa6 35. Rb1 Ra8 36. Qb3 Qa4 37. Qc3 Ra7 38. Rg2 1/2-1/2

[Event "Budapest-chT1 Lilienthal 1213"]
[Site "Budapest"]
[Date "2012.12.09"]
[Round "5"]
[White "Molnar, Tibor1111"]
[Black "Czegledi, Barna Jr"]
[Result "0-1"]
[WhiteElo "2002"]
[BlackElo "1849"]
[PlyCount "82"]
[EventDate "2012.09.30"]
[EventType "team-tourn"]
[EventRounds "11"]
[EventCountry "HUN"]
[SourceTitle "EXT 2019"]
[Source "ChessBase"]
[SourceDate "2018.10.10"]
[SourceVersion "1"]
[SourceVersionDate "2018.10.10"]
[SourceQuality "1"]
[WhiteTeam "Budapest EAC"]
[BlackTeam "Budapest Vasas II"]
[WhiteTeamCountry "HUN"]
[BlackTeamCountry "HUN"]

1. e4 c5 2. Nc3 Nc6 3. g3 g6 4. Bg2 Bg7 5. d3 d6 6. Be3 e6 7. Qd2 Rb8 8. f4 Nge7 9. Nf3 Nd4 10. 0-0 0-0 11. Nh4 b5 12. Nd1 b4 13. g4 f5 14. g5 Bb7 15. Kh1 Nc8 16. c3 bxc3 17. bxc3 Nc6 18. exf5 gxf5 19. Nf3 Nb6 20. Re1 Qd7 21. Bf2 Nd5 22. d4 c4 23. Bg3 Rfe8 24. Ne3 Nxe3 25. Rxe3 Ne7 26. Rae1 Nd5 27. R3e2 Bc6 28. h4 Nb6 29. Rb1 Be4 30. Rb2 Na4 31. Rb4 a5 32. Rxb8 Rxb8 33. Qe3 Rb2 34. Be1 Qb7 35. Bd2 Rxa2 36. Ne1 d5 37. Bxe4 dxe4 38. h5 Nb6 39. Bc1 Nd5 40. Rxa2 Nxe3 41. Bxe3 Qb1 0-1

[Event "HUN-chT2 Maroczy 1213"]
[Site "Hungary"]
[Date "2012.12.02"]
[Round "5"]
[White "Novak, Barbara"]
[Black "Czegledi, Barna Jr"]
[Result "1/2-1/2"]
[WhiteElo "1738"]
[BlackElo "1849"]
[PlyCount "69"]
[EventDate "2012.09.16"]
[EventType "team-tourn"]
[EventRounds "11"]
[EventCountry "HUN"]
[SourceTitle "EXT 2014"]
[Source "ChessBase"]
[SourceDate "2013.11.20"]
[SourceVersion "1"]
[SourceVersionDate "2013.11.20"]
[SourceQuality "1"]
[WhiteTeam "Oroshaza"]
[BlackTeam "Vasas"]
[WhiteTeamCountry "HUN"]
[BlackTeamCountry "HUN"]

1. d4 Nf6 2. Bf4 g6 3. e3 Bg7 4. h3 0-0 5. Nf3 d6 6. Be2 Nbd7 7. 0-0 b6 8. c3 Bb7 9. Nbd2 Re8 10. Nc4 Ne4 11. Re1 e5 12. Bh2 Qe7 13. dxe5 dxe5 14. Qb3 a6 15. Rad1 Rad8 16. Ncd2 Nxd2 17. Nxd2 Nc5 18. Qc2 e4 19. Nb3 Nd3 20. Rf1 c5 21. Nd2 f5 22. Qb3+ Qe6 23. Bc7 Rc8 24. Qxb6 Qxb6 25. Bxb6 Nxb2 26. Nc4 Nxd1 27. Rxd1 Re7 28. Nd6 Rc6 29. Bc4+ Kf8 30. Nxf5 gxf5 31. Rd8+ Re8 32. Rd7 Re7 33. Rd8+ Re8 34. Rd7 Re7 35. Rd8+ 1/2-1/2

[Event "Budapest-chT1 Lilienthal 1112"]
[Site "Budapest"]
[Date "2012.03.04"]
[Round "9"]
[White "Czegledi, Barna Jr"]
[Black "Fazekas, Peter"]
[Result "0-1"]
[WhiteElo "1813"]
[BlackElo "1876"]
[PlyCount "94"]
[EventDate "2011.10.02"]
[EventType "team-tourn"]
[EventRounds "11"]
[EventCountry "HUN"]
[SourceTitle "EXT 2020"]
[Source "ChessBase"]
[SourceDate "2019.10.17"]
[SourceVersion "1"]
[SourceVersionDate "2019.10.17"]
[SourceQuality "1"]
[WhiteTeam "Budapest Vasas II"]
[BlackTeam "Hid Unio"]
[WhiteTeamCountry "HUN"]
[BlackTeamCountry "HUN"]

1. d4 Nf6 2. c4 g6 3. Nc3 d5 4. Nf3 Bg7 5. Bg5 Ne4 6. cxd5 Nxg5 7. Nxg5 e6 8. Qd2 exd5 9. Qe3+ Kf8 10. Qf4 Bf6 11. h4 c6 12. e3 Nd7 13. Bd3 Kg7 14. 0-0-0 b5 15. Kb1 b4 16. Ne2 b3 17. a3 Qb6 18. f3 h6 19. Nh3 Ba6 20. e4 Bxd3+ 21. Rxd3 Qb5 22. Rhd1 Rhe8 23. e5 Be7 24. Qg4 Nf8 25. f4 Kh7 26. f5 c5 27. Nef4 cxd4 28. h5 Qc6 29. Rc1 Qa6 30. Rxb3 Rab8 31. Rxb8 Rxb8 32. hxg6+ fxg6 33. Ka2 Rxb2+ 34. Kxb2 Bxa3+ 35. Kc2 Qc4+ 36. Kd1 Qxc1+ 37. Ke2 Qc2+ 38. Kf1 Qxf5 39. Qxf5 gxf5 40. Ke2 Ng6 41. Nd3 Kg7 42. Ng1 Ne7 43. Nf3 Nc6 44. Nf4 Bb2 45. Nxd5 d3+ 46. Kxd3 Nxe5+ 47. Nxe5 Bxe5 0-1

[Event "HUN-chT U18"]
[Site "Miskolc"]
[Date "2011.11.05"]
[Round "6.3"]
[White "Havasi, Gergo"]
[Black "Czegledi, Barna Jr"]
[Result "1-0"]
[WhiteElo "1849"]
[BlackElo "1813"]
[PlyCount "81"]
[EventDate "2011.11.02"]
[EventType "team-swiss"]
[EventRounds "8"]
[EventCountry "HUN"]
[SourceTitle "EXT 2012"]
[Source "ChessBase"]
[SourceDate "2011.11.24"]
[SourceVersion "1"]
[SourceVersionDate "2011.11.24"]
[SourceQuality "1"]
[WhiteTeam "MAV Elore"]
[BlackTeam "Vasas"]
[WhiteTeamCountry "HUN"]
[BlackTeamCountry "HUN"]

1. e4 c5 2. Nf3 Nc6 3. d4 cxd4 4. Nxd4 Nf6 5. Nc3 d6 6. Bg5 e6 7. Qd2 a6 8. 0-0-0 Nxd4 9. Qxd4 Be7 10. f4 b5 11. Be2 Bb7 12. Bf3 Rc8 13. e5 Bxf3 14. exf6 gxf6 15. gxf3 Rc4 16. Qa7 fxg5 17. Qxa6 Rxf4 18. Nxb5 d5 19. Qc6+ Kf8 20. Rd3 Rg8 21. h3 Kg7 22. b3 Bf6 23. a4 Be5 24. Re1 Qf6 25. Rf1 Qf5 26. Re1 Rxf3 27. a5 Bf4+ 28. Kb2 Rxd3 29. cxd3 Qxd3 30. Qc3+ Qxc3+ 31. Kxc3 Rc8+ 32. Kd4 Bg3 33. Re2 Bc7 34. Nxc7 Rxc7 35. a6 h5 36. Ra2 Ra7 37. b4 g4 38. hxg4 hxg4 39. b5 Rd7 40. a7 e5+ 41. Kxe5 1-0

[Event "HUN-chT U18"]
[Site "Miskolc"]
[Date "2011.11.04"]
[Round "4.3"]
[White "Marta, Dominik"]
[Black "Czegledi, Barna Jr"]
[Result "1-0"]
[WhiteElo "1850"]
[BlackElo "1813"]
[PlyCount "91"]
[EventDate "2011.11.02"]
[EventType "team-swiss"]
[EventRounds "8"]
[EventCountry "HUN"]
[SourceTitle "EXT 2012"]
[Source "ChessBase"]
[SourceDate "2011.11.24"]
[SourceVersion "1"]
[SourceVersionDate "2011.11.24"]
[SourceQuality "1"]
[WhiteTeam "Toth Laszlo"]
[BlackTeam "Vasas"]
[WhiteTeamCountry "HUN"]
[BlackTeamCountry "HUN"]

1. Nf3 d5 2. d4 Nf6 3. g3 g6 4. b3 Bg7 5. Bb2 0-0 6. Bg2 Bf5 7. 0-0 Nbd7 8. c4 c6 9. Nc3 Ne4 10. Nh4 Nxc3 11. Bxc3 Nf6 12. Nxf5 gxf5 13. Qd3 e6 14. f3 Qb6 15. Kh1 Rfd8 16. c5 Qc7 17. e4 fxe4 18. fxe4 Nxe4 19. Bxe4 dxe4 20. Qxe4 Rd5 21. Rf4 Rad8 22. Rg4 Qd7 23. Rf1 f5 24. Rxg7+ Kxg7 25. Qh4 Re8 26. g4 Qe7 27. Qh3 fxg4 28. Qxg4+ Qg5 29. Qe4 Qg6 30. Rg1 Rg5 31. d5+ e5 32. Rxg5 Qxg5 33. d6 Qc1+ 34. Be1 Qxc5 35. d7 Rf8 36. Kg2 Rg8 37. Qg4+ Kf7 38. Qxg8+ Kxg8 39. d8Q+ Kf7 40. Qd7+ Kg8 41. Qg4+ Kf7 42. Qc4+ Qxc4 43. bxc4 Ke6 44. Kf3 Kf5 45. a4 a6 46. a5 1-0

[Event "Budapest-chT1 Lilienthal 1011"]
[Site "Budapest"]
[Date "2011.03.06"]
[Round "10"]
[White "Medve, Mark"]
[Black "Czegledi, Barna Jr"]
[Result "0-1"]
[WhiteElo "1661"]
[BlackElo "1769"]
[PlyCount "80"]
[EventDate "2010.09.19"]
[EventType "team-tourn"]
[EventRounds "11"]
[EventCountry "HUN"]
[SourceTitle "EXT 2020"]
[Source "ChessBase"]
[SourceDate "2019.10.17"]
[SourceVersion "1"]
[SourceVersionDate "2019.10.17"]
[SourceQuality "1"]
[WhiteTeam "Budapest Ujpest KSE"]
[BlackTeam "Budapest Vasas II"]
[WhiteTeamCountry "HUN"]
[BlackTeamCountry "HUN"]

1. e4 c5 2. d4 cxd4 3. Nf3 Nc6 4. Nxd4 g6 5. Nc3 Bg7 6. Be3 Nf6 7. Be2 0-0 8. 0-0 d5 9. Nxc6 bxc6 10. exd5 cxd5 11. Qd2 Re8 12. Bg5 d4 13. Rad1 Qa5 14. Bxf6 dxc3 15. Bxc3 Bxc3 16. Qxc3 Qxc3 17. bxc3 Be6 18. Rd4 Rec8 19. c4 Rab8 20. Ra1 Rb4 21. c3 Ra4 22. f3 Ra3 23. Rad1 Rxa2 24. Kf1 Rc2 25. Ra1 Rc7 26. Ra3 Rb7 27. Rd8+ Kg7 28. Ra8 Rb1+ 29. Kf2 Rbb2 30. R3xa7 Rxe2+ 31. Kg3 Rxg2+ 32. Kf4 Rxh2 33. Rxe7 Rh4+ 34. Kg3 Rxc4 35. Raa7 Kf6 36. Re8 Rxc3 37. Ra4 Rbb3 38. Rf4+ Kg5 39. Rh8 h5 40. Rh7 Bd5 0-1